00513nmm a2200133Ia 4500008004100000041000800041100001200049245016800061264004200229300001800271490001600289650002300305856005100328251105s9999||||xx |||||||||||||||||und|| aspa aVV. AA. 0aInterrelación filosófico-jurídica multinivel: estudios desde la interconstitucionalidad, la interculturalidad y la interdisciplinariedad para un mundo global a[Madrid, España] :bLinkgua, c2016 a218 páginas aPensamiento aPhilosophy, Ethics uhttps://public.digitaliapublishing.com/a/55237